| 000 | 00677cam a2200229 a 4500 | ||
|---|---|---|---|
| 001 | 000009821 | ||
| 005 | 20200929161722.0 | ||
| 008 | 840514s1983 mx 001 p spa | ||
| 020 | _a9681613813 | ||
| 040 |
_aDO-SdBNP _bspa _cBNPHU |
||
| 082 |
_aCu861.44 _bK88b |
||
| 100 | 1 |
_aKozer, José, _d1940- _914627 |
|
| 245 | 1 | 0 |
_aBajo este cien / _cJosé Kozer. |
| 260 |
_aMéxico, D. F. : _bFondo de Cultura Económica, _c1983. |
||
| 300 |
_a140 p. ; _c23 cm. |
||
| 490 | 1 | _aTierra firme | |
| 650 | 4 |
_aPoesía cubana _95226 |
|
| 650 | 4 |
_aPoesía cubana _xColecciones _924728 |
|
| 650 | 4 |
_aPoesía amorosa _99227 |
|
| 650 | 4 |
_aLiteratura cubana _91483 |
|
| 830 | 0 |
_aTierra firme. _93671 |
|
| 999 |
_c9580 _d9580 |
||